Statistics for Countries with no repeated letters

Click here to take the quiz!

General Stats

  • This quiz has been taken 71 times
    (60 since last reset)
  • The average score is 35 of 56

Answer Stats

Answer % Correct
Spain
90%
France
88%
Germany
85%
Italy
85%
Norway
83%
Mexico
83%
Iceland
81%
Ireland
79%
China
79%
Poland
77%
Peru
77%
Brazil
77%
Mali
77%
Denmark
75%
Chad
75%
Egypt
75%
Oman
73%
Laos
71%
Sudan
71%
Iraq
71%
Iran
71%
Vietnam
69%
Chile
69%
Cuba
67%
Hungary
65%
Niger
65%
Portugal
65%
Belgium
65%
Turkey
63%
Kenya
63%
Israel
63%
Belarus
58%
Cyprus
58%
Bhutan
58%
Jordan
56%
Gabon
56%
Tonga
54%
Switzerland
54%
Brunei
54%
Libya
54%
Serbia
54%
Nepal
54%
Honduras
52%
Syria
52%
Kuwait
52%
Ecuador
50%
Estonia
50%
Ukraine
50%
Guinea
48%
Burma
48%
Suriname
48%
Slovenia
46%
Singapore
44%
Maldives
38%
Uzbekistan
38%
Mozambique
21%

Score Distribution

Percentile by Number Answered

Percent of People with Each Score

Your Score History

You have not taken this quiz since the last reset